000 01082cam a22003251 4500
001 2252
003 FISKH
005 20231113162638.0
008 850807s1967 njua j 000 1 eng
010 _a 67024666
020 _a9780142408919
040 _aDLC
_cDLC
_dDLC
_beng
042 _alcac
050 0 0 _aPZ7.S68524
_bEq
082 0 0 _a813
100 1 _aSobol, Donald J.,
_d1924-2012.
245 1 0 _aEncyclopedia Brown gets his man /
_cby Donald J. Sobol. Illustrated by Leonard Shortall.
250 _aThis edition published in 2007
260 _aNew York :
_bPuffin books,
_c1967
300 _a96 pages :
_billustrations ;
_c20 cm
490 _aEncyclopedia Brown
505 _aO
520 _aTen brief cases in which the reader pits his wits against those of Encyclopedia Brown, an ingenious twelve-year-old detective.
521 8 _a610
_bLexile
521 8 _aO
_bRaz-Plus
650 1 _aMystery and detective stories.
700 1 _aShortall, Leonard W.,
_eillustrator
906 _a7
_bcbc
_corignew
_du
_eocip
_f19
_gy-gencatlg
942 _2ddc
_cBK
_n0
999 _c2252
_d2252